082_ Personnalités nées un 23 mars par images - Statistiques

Statistiques générales
  • Ce quiz a été pris 28 fois
  • Le résultat moyen est 2 sur 9
Statistiques - réponses
Par images Hint Réponse % Correct
Humoriste Pierre Palmade
96%
Athlète Mohamed Farah
43%
Rugbyman Grégory Alldritt
29%
Actrice Judith Godrèche
29%
Basketteur Kyrie Irving
18%
Réalisateur Akira Kurosawa
11%
Chanteuse Lou Deleuze
7%
Actrice Keri Russell
0%
Actrice Michelle Monaghan
0%
Aucun quiz correspondant
Distribution des résultats
% des personnes avec chaque résultat
Percentile par nombre de réponses
Votre historique - résultats
Vous n’avez pas pris ce quiz